Pioneers of the church / (Record no. 6605)

MARC details
000 -LEADER
fixed length control field 01099cam a22002651 4500
001 - CONTROL NUMBER
control field 7985303
003 - CONTROL NUMBER IDENTIFIER
control field GBCCL
005 - DATE AND TIME OF LATEST TRANSACTION
control field 20241126110607.0
008 - FIXED-LENGTH DATA ELEMENTS--GENERAL INFORMATION
fixed length control field 770106s1964 maua j 000 0ceng
010 ## -
-- 64019471
035 ## - SYSTEM CONTROL NUMBER
System control number (OCoLC)2663860
040 ## - CATALOGING SOURCE
Original cataloging agency DLC
Transcribing agency InE
Modifying agency DLC
050 00 -
-- BR1704
-- .T6
082 ## - DEWEY DECIMAL CLASSIFICATION NUMBER
Classification number 920
Item number TOW
100 1# - MAIN ENTRY--PERSONAL NAME
Personal name Tower, Grace Storms.
9 (RLIN) 11815
245 10 - TITLE STATEMENT
Title Pioneers of the church /
Statement of responsibility, etc. Grace Storms Tower, Illustrated by Roger Martin.
260 ## - PUBLICATION, DISTRIBUTION, ETC.
Place of publication, distribution, etc. Boston:
Name of publisher, distributor, etc. United Church Press,
Date of publication, distribution, etc. 1964
300 ## - PHYSICAL DESCRIPTION
Extent 91 p.;
Other physical details illus. (part col.),
Dimensions 22 cm.
500 ## - GENERAL NOTE
General note "Part of the United Church curriculum, prepared and published by the Division of Christian Education and the Division of Publication of the United Church Board for Homeland Ministries."
650 #0 - SUBJECT ADDED ENTRY--TOPICAL TERM
Topical term or geographic name entry element Christian biography
General subdivision Juvenile literature.
9 (RLIN) 11816
710 2# - ADDED ENTRY--CORPORATE NAME
Corporate name or jurisdiction name as entry element United Church Board for Homeland Ministries.
Subordinate unit Division of Christian Education.
9 (RLIN) 7139
710 2# - ADDED ENTRY--CORPORATE NAME
Corporate name or jurisdiction name as entry element United Church Board for Homeland Ministries.
Subordinate unit Division of Publications.
9 (RLIN) 11817
906 ## - LOCAL DATA ELEMENT F, LDF (RLIN)
a 7
b cbc
c oclcrpl
d u
e ncip
f 19
g y-gencatlg
942 ## - ADDED ENTRY ELEMENTS (KOHA)
Source of classification or shelving scheme Dewey Decimal Classification
Koha item type Books
Holdings
Withdrawn status Lost status Source of classification or shelving scheme Damaged status Not for loan Home library Current Library Shelving location Date acquired Total checkouts Full call number Barcode Date last seen Copy number Price effective from Koha item type
    Dewey Decimal Classification     GRACE BIBLE COLLEGE GRACE BIBLE COLLEGE General Studies 2018-05-21   920 TOW 003279 2025-05-01 c.1 2018-05-21 Books
© Grace Bible College Library 2025